000 00634nam a22001937a 4500
003 OSt
005 20230201125331.0
008 221006b |||||||| |||| 00| 0 eng d
040 _cBiblioteca Lado V
082 _a808.2
_bF634e
100 _9710
_aFlores Sancho, Adrian
_eautor
245 _a500 Esteban Mora/
260 _aCosta Rica
_bEdiciones 1390
_c2018
300 _c13x18cm
_a15p.
650 0 _2Tesauro de Arte & Arquitectura
_aLITERATURA
_9702
650 _2Tesauro de Arte & Arquitectura
_aARTE
650 _2Tesauro de Arte & Arquitectura
_aLITERATURA COSTARRICENSE
942 _2ddc
_c1
_h808.2
_iF634e
_n0
999 _c3012
_d3012